Loading...
| Current Events | 2 | 10.00 | 100% | 0% | 0% |
| Fine Arts - Auditory | 3 | 6.67 | 67% | 0% | 0% |
| Fine Arts - Other | 4 | 15.00 | 100% | 25% | 25% |
| Fine Arts - Visual | 4 | 12.50 | 75% | 50% | 0% |
| Geography | 2 | 10.00 | 100% | 0% | 0% |
| History - American | 4 | 10.00 | 100% | 0% | 0% |
| History - Ancient/Other | 2 | 10.00 | 100% | 0% | 0% |
| History - European | 1 | 10.00 | 100% | 0% | 0% |
| History - World | 3 | 6.67 | 67% | 0% | 0% |
| Literature - American | 4 | 15.00 | 100% | 50% | 0% |
| Literature - British | 3 | 6.67 | 67% | 0% | 0% |
| Literature - European | 4 | 7.50 | 75% | 0% | 0% |
| Literature - World | 4 | 7.50 | 25% | 50% | 0% |
| Mythology | 2 | 25.00 | 100% | 100% | 50% |
| Other Academic | 1 | 10.00 | 0% | 0% | 100% |
| Philosophy | 1 | 10.00 | 100% | 0% | 0% |
| Religion | 2 | 10.00 | 100% | 0% | 0% |
| Science - Biology | 4 | 15.00 | 100% | 50% | 0% |
| Science - Chemistry | 2 | 15.00 | 100% | 50% | 0% |
| Science - Other | 1 | 10.00 | 100% | 0% | 0% |
| Science - Physics | 2 | 10.00 | 100% | 0% | 0% |
| Social Science | 4 | 15.00 | 100% | 50% | 0% |